000 00889nam a2200301 i 4500
003 EG-GICUC
005 20260124124222.0
008 260124s1922 us ||||fr ||| 00| 0 eng d
040 _aEG-GICUC
_cEG-GICUC
_dEG-GICUC
_erda
_beng
041 0 _aeng
082 0 4 _221
_a341.3
_bCA . S
092 0 4 _221
099 _aLaw1 11 341.3 CA . S 1922
100 1 _aJ.Carman,Harry
_eAuthor.
245 1 2 _aSupplement :
_bRecord Of Political Events /
_cHarry J.Carmen .
264 0 _c1922 .
300 _a127 Pages;
_c30 cm.
336 _atext
_2rda content
337 _aComputer
_2rda media
338 _aOnline Resource
_2rda carrier
546 _aText in English
650 0 4 _aPublic international law
650 0 4 _aInternational relations
700 1 _aD.Graper,Elmer
_eAuthor.
856 _uhttps://fll.law.cu.edu.eg/fulltext/th/B11-05483.pdf
905 _a59
942 _2ddc
_cBK
_e21
_n0
999 _c58857
_d58857